| 000 -LEADER |
| fixed length control field |
02007cam a2200373 a 4500 |
| 001 - CONTROL NUMBER |
| control field |
13896428 |
| 005 - DATE AND TIME OF LATEST TRANSACTION |
| control field |
20250516120132.0 |
| 008 - FIXED-LENGTH DATA ELEMENTS--GENERAL INFORMATION |
| fixed length control field |
050311s2006 caua b 001 0 eng d |
| 010 ## - LIBRARY OF CONGRESS CONTROL NUMBER |
| LC control number |
2005923996 |
| 020 ## - INTERNATIONAL STANDARD BOOK NUMBER |
| International Standard Book Number |
0534615678 |
| 035 ## - SYSTEM CONTROL NUMBER |
| System control number |
(OCoLC)ocm61346571 |
| 040 ## - CATALOGING SOURCE |
| Original cataloging agency |
NMW |
| Transcribing agency |
NMW |
| Modifying agency |
BAKER |
| -- |
DLC |
| 042 ## - AUTHENTICATION CODE |
| Authentication code |
lccopycat |
| 050 00 - LIBRARY OF CONGRESS CALL NUMBER |
| Classification number |
HV7419.5 |
| Item number |
.M37 2006 |
| 082 00 - DEWEY DECIMAL CLASSIFICATION NUMBER |
| Classification number |
364.072 |
| Author Mark |
MAX |
| 100 1# - MAIN ENTRY--PERSONAL NAME |
| Personal name |
Maxfield, Michael G. |
| 9 (RLIN) |
85588 |
| 245 10 - TITLE STATEMENT |
| Title |
Basics of research methods for criminal justice and criminology / |
| Statement of responsibility, etc. |
Michael G. Maxfield, Earl Babbie. |
| 246 30 - VARYING FORM OF TITLE |
| Title proper/short title |
Criminal justice and criminology |
| 246 30 - VARYING FORM OF TITLE |
| Title proper/short title |
Research methods for criminal justice and criminology |
| 260 ## - PUBLICATION, DISTRIBUTION, ETC. |
| Place of publication, distribution, etc. |
Belmont, CA : |
| Name of publisher, distributor, etc. |
Thomson/Wadsworth, |
| Date of publication, distribution, etc. |
c2006. |
| 300 ## - PHYSICAL DESCRIPTION |
| Extent |
xiv, 361 p. : |
| Other physical details |
ill. ; |
| Dimensions |
24 cm. |
| 504 ## - BIBLIOGRAPHY, ETC. NOTE |
| Bibliography, etc. note |
Includes bibliographical references (p. 342-351) and indexes. |
| 505 0# - FORMATTED CONTENTS NOTE |
| Formatted contents note |
Criminal justice and scientific inquiry -- Theory and ethics in criminal justice research -- General issues in research design -- Concepts, operationalization, and measurement -- Experimental and quasi-experimental designs -- Overview of data collection and sampling -- Survey research and other ways of asking questions -- Field research -- Agency records, content analysis, and secondary data -- Evaluation research and policy analysis -- Interpreting data. |
| 650 #0 - SUBJECT ADDED ENTRY--TOPICAL TERM |
| Topical term or geographic name entry element |
Criminal justice, Administration of |
| General subdivision |
Research |
| -- |
Methodology. |
| 9 (RLIN) |
85589 |
| 650 #0 - SUBJECT ADDED ENTRY--TOPICAL TERM |
| Topical term or geographic name entry element |
Criminology |
| General subdivision |
Research |
| -- |
Methodology. |
| 9 (RLIN) |
85590 |
| 700 1# - ADDED ENTRY--PERSONAL NAME |
| Personal name |
Babbie, Earl R. |
| 856 42 - ELECTRONIC LOCATION AND ACCESS |
| Materials specified |
Contributor biographical information |
| Uniform Resource Identifier |
<a href="http://www.loc.gov/catdir/enhancements/fy1514/2005923996-b.html">http://www.loc.gov/catdir/enhancements/fy1514/2005923996-b.html</a> |
| 856 42 - ELECTRONIC LOCATION AND ACCESS |
| Materials specified |
Publisher description |
| Uniform Resource Identifier |
<a href="http://www.loc.gov/catdir/enhancements/fy1514/2005923996-d.html">http://www.loc.gov/catdir/enhancements/fy1514/2005923996-d.html</a> |
| 856 41 - ELECTRONIC LOCATION AND ACCESS |
| Materials specified |
Table of contents only |
| Uniform Resource Identifier |
<a href="http://www.loc.gov/catdir/enhancements/fy1514/2005923996-t.html">http://www.loc.gov/catdir/enhancements/fy1514/2005923996-t.html</a> |
| 906 ## - LOCAL DATA ELEMENT F, LDF (RLIN) |
| a |
7 |
| b |
cbc |
| c |
copycat |
| d |
2 |
| e |
epcn |
| f |
20 |
| g |
y-gencatlg |
| 942 ## - ADDED ENTRY ELEMENTS (KOHA) |
| Source of classification or shelving scheme |
|
| Koha item type |
Book |